Due to a planned intervention on the underlying infrastructure, submissions functionality (new uploads and modifications) will be unavailable on Tuesday, April 21st, from 13:00 to 14:00 CEST.

CERN Accelerating science

002802276 001__ 2802276
002802276 003__ SzGeCERN
002802276 005__ 20220224102840.0
002802276 041__ $$aeng
002802276 041__ $$afre
002802276 245__ $$aProton Synchrotron, PS$$bPS minutes SM (Synchrotron Magnets) Group, from December 1974 to November 1975
002802276 300__ $$a0,5 cm
002802276 340__ $$aPaper
002802276 490__ $$aCERN-ARCH-PS$$vCollection: PS and MPS Divisions
002802276 490__ $$aCERN-ARCH-PS-02$$vSub-collection: Minutes
002802276 506__ $$aRestricted
002802276 541__ $$aPS Division$$d1991-05-03$$fAllardyce, Brian W
002802276 595__ $$a1.08.01
002802276 710__ $$aCERN. Geneva. Proton Synchrotron Division (PS)
002802276 774__ $$rMPS-SM-Min-74-6
002802276 774__ $$rMPS-SM-Min-74-7
002802276 774__ $$rMPS-SM-Min-74-8
002802276 774__ $$rMPS-SM-Min-75-3
002802276 774__ $$rMPS-SM-Min-75-4
002802276 774__ $$rMPS-SM-Min-75-10
002802276 774__ $$rMPS-SM-Min-75-12
002802276 774__ $$rMPS-SM-Min-75-13
002802276 8564_ $$uhttp://library.web.cern.ch/archives/CERN_archive/guide/accelerators/proton_synchrotron/isaps$$yDescription of record group
002802276 852__ $$aCERN Archives. Bldg. 61-S-001$$cS0535
002802276 916__ $$w200150
002802276 929__ $$aPermanent
002802276 925__ $$a1967-05-11$$b1970-03-18
002802276 927__ $$aCERN-ARCH-PS-02-039
002802276 960__ $$a01
002802276 961__ $$c20090526$$h1637$$lARC01$$x20011213
002802276 963__ $$aPUBLIC
002802276 970__ $$a000044709ARC
002802276 980__ $$aARC010801